[Event "IND-chB (Women) 41st"]
[Site "Mapusa"]
[Date "2014.09.07"]
[Round "1"]
[White "Jagtap, Vrushali"]
[Black "Ivana Maria, Furtado"]
[Result "0-1"]
[WhiteElo "1399"]
[BlackElo "2182"]
[PlyCount "54"]
[EventDate "2014.09.07"]
[EventType "swiss"]
[EventRounds "11"]
[EventCountry "IND"]
[SourceTitle "CBM 162 Extra"]
[Source "ChessBase"]
[SourceDate "2014.10.17"]
[SourceVersion "1"]
[SourceVersionDate "2014.10.17"]
[SourceQuality "1"]

1. d4 Nf6 2. c4 e6 3. Nc3 Bb4 4. Bd2 d5 5. e3 0-0 6. Nf3 b6 7. cxd5 exd5 8. Bd3 Re8 9. 0-0 Bb7 10. Rc1 a6 11. a3 Bd6 12. Qc2 Ne4 13. Ne1 Nxd2 14. Qxd2 Nd7 15. Nc2 Nf6 16. f3 c5 17. dxc5 bxc5 18. Rfe1 Qc7 19. f4 d4 20. Ne2 Qc6 21. Ng3 dxe3 22. Nxe3 Bxf4 23. Bf1 Ng4 24. Rc3 Nxe3 25. Rcxe3 Rxe3 26. Rxe3 Qh6 27. Qe2 Bxe3+ 0-1